Central Library OPAC University of Rajshahi

K. C. Chaṭṭopādhyāya memorial volume / (Record no. 69431)

MARC details
000 -LEADER
fixed length control field 00865nam a2200253 a 4500
001 - CONTROL NUMBER
control field 69431
003 - CONTROL NUMBER IDENTIFIER
rucl marc code BD-RjUL
005 - DATE AND TIME OF LATEST TRANSACTION
control field 20211209081905.0
008 - FIXED-LENGTH DATA ELEMENTS--GENERAL INFORMATION
fixed length control field 170411s1975 ii abf b 010 0 eng
020 ## - INTERNATIONAL STANDARD BOOK NUMBER
Terms of availability Rs60.00 ($10.00 U.S.)
035 ## - SYSTEM CONTROL NUMBER
System control number (BD-RjUL)69642
040 ## - CATALOGING SOURCE
Original cataloging agency DLC
Transcribing agency DLC
Modifying agency BD-RjUL
Language of cataloging eng
041 ## - LANGUAGE CODE
Language code of text/sound track or separate title eng
082 00 - DEWEY DECIMAL CLASSIFICATION NUMBER
Classification number 954
Edition number 23
Author mark and year CHK 1975
100 1# - MAIN ENTRY--PERSONAL NAME
Personal name Chattopadhyaya, Kshetresh Chandra,
9 (RLIN) 205656
245 10 - TITLE STATEMENT
Title K. C. Chaṭṭopādhyāya memorial volume /
Statement of responsibility, etc. Kshetresh Chandra Chattopadhyaya
260 ## - PUBLICATION, DISTRIBUTION, ETC. (IMPRINT)
Place of publication, distribution, etc. Allahabad :
Name of publisher, distributor, etc. Dept. of Ancient History, Culture & Archaeology, Allahabad University,
Date of publication, distribution, etc. 1975.
300 ## - PHYSICAL DESCRIPTION
Pagination xii, 175, p. :
Illustrations ill. ;
Size 25 cm.
504 ## - BIBLIOGRAPHY, ETC. NOTE
Bibliography, etc Includes bibliographical references.
600 10 - SUBJECT ADDED ENTRY--PERSONAL NAME
Personal name Chattopadhyaya, Kshetresh Chandra,
Dates associated with a name 1896-1974.
651 #0 - SUBJECT ADDED ENTRY--GEOGRAPHIC NAME
Geographic name India
General subdivision Civilization.
9 (RLIN) 205658
942 ## - ADDED ENTRY ELEMENTS (KOHA)
Source of classification or shelving scheme Dewey Decimal Classification
Koha item type Books
Holdings
Lost status Source of classification or shelving scheme Damaged status Not for loan Collection code Permanent Location Current Location Shelving location Date acquired Source of acquisition Cost, normal purchase price Total Checkouts Full call number Date last seen Copy number Koha item type
  Dewey Decimal Classification   Not For Loan Non-fiction Central Library, University of Rajshahi Central Library, University of Rajshahi Reading Room 06/03/1974 India Int. Cal 60.00   954 CHK 1975 11/04/2017 C-1 Books